000 00986nam a2200277 4500
999 _c7486
_d7486
003 AR-CdUCM
008 190320b ||||| |||| 00| 0 spa d
020 _a978-9972-9257-9-5
040 _aMUNICIPALIDAD PROVINCIAL DEL CUSCO
_cBIBLIOTECA MUNICIPAL DEL CUSCO
082 _a630.201063 /
_bD22
110 _aSeminario Permanente de Investigación Agraria
_921114
245 _aPerú, el problema agrario en debate /
260 _aLima :
_bSepia,
_bOxfam,
_c2008.
300 _a686 paginas ;
_bDiagramas,
_c21 cm.
500 _aAgraria
505 _aContenido: Industrias extractivas, agricultura y uso de recursos naturales -- Ganadería y sociedades pastoriles -- Agricultura comercial moderna.
650 _aAgraria
_921115
650 _aProblema
_921116
650 _aGanaderias
_921117
650 _aIndustrias
_94471
700 _adamonte, Gerardo
_921118
700 _aFulcrand, Bernardo
_921119
700 _aGómez, Rosario
_921120
942 _2ddc
_cLIBROS
945 _apjha